UBT Library

Essentials of organization theory & design / (Record no. 43134)

000 -LEADER
fixed length control field 00843cam a22002534a 4500
001 - CONTROL NUMBER
control field 11952507
005 - DATE AND TIME OF LATEST TRANSACTION
control field 20180222040205.0
008 - FIXED-LENGTH DATA ELEMENTS--GENERAL INFORMATION
fixed length control field 000324s2001 ohua b 001 0 eng
010 ## - LIBRARY OF CONGRESS CONTROL NUMBER
LC control number 00036995
020 ## - INTERNATIONAL STANDARD BOOK NUMBER
International Standard Book Number 032402097X (pbk. : alk. paper)
040 ## - CATALOGING SOURCE
Original cataloging agency DLC
Transcribing agency DLC
Modifying agency DLC
041 ## - LANGUAGE CODE
Language code of text/sound track or separate title eng
042 ## - AUTHENTICATION CODE
Authentication code pcc
080 ## - UNIVERSAL DECIMAL CLASSIFICATION NUMBER
Universal Decimal Classification number 658.1 daf
082 00 - DEWEY DECIMAL CLASSIFICATION NUMBER
Classification number 658.1 daf
Edition number 21
100 1# - Rafti
Rafti 56
101 ## - Shkurtesa
Shkurtesa bnj
245 10 - TITLE STATEMENT
Title Essentials of organization theory & design /
Statement of responsibility, etc Richard L. Daft.
246 3# - VARYING FORM OF TITLE
Title proper/short title Essentials of organization theory and design
504 ## - BIBLIOGRAPHY, ETC. NOTE
Bibliography, etc Includes bibliographical references and indexes.
906 ## - LOCAL DATA ELEMENT F, LDF (RLIN)
a 7
b cbc
c orignew
d 1
e ocip
f 20
g y-gencatlg
942 ## - ADDED ENTRY ELEMENTS (KOHA)
Source of classification or shelving scheme
Item type Books
Holdings
Withdrawn status Lost status Source of classification or shelving scheme Damaged status Not for loan Collection code Permanent location Current location Shelving location Date acquired Total Checkouts Full call number Barcode Date last seen Price effective from Koha item type
          Koleksioni i përgjithshem UBT - Lipjan UBT - Lipjan Koleksioni i përgjithshem 02/22/2018   658.1 daf 002-2999903 02/22/2018 02/22/2018 Books
UBT Library © 2015-2024. All rights reserved University Education for Business and Technology